L'Égypte /

محفوظ في:

المؤلف الرئيسي: Sauneron, Serge (مؤلف)

التنسيق: كتاب

اللغة: French

منشور في: Paris : Presses universitaires de France, 1972.

الطبعة: [2. éd. revue.]

سلاسل: Nous partons pour.

الموضوعات:

الوسوم: إضافة وسم

لا توجد وسوم, كن أول من يضع وسما على هذه التسجيلة!

رقم الطلب: DT56 .S33 1972

LEADER 00685nam a2200217Ia 4500
003 OSt
005 20260429124521.0
008 211223s1972 fr af b 1 0 fre l
040 |c ARCE Library 
050 4 |a DT56 .S33 1972 
100 1 |a Sauneron, Serge,   |e author 
245 1 0 |a L'Égypte /   |c par Serge Sauneron. 
250 |a [2. éd. revue.] 
264 1 |a Paris :   |b Presses universitaires de France,   |c 1972. 
300 |a viii, 239 p., [16] p. of plates :   |b ill. ;   |c 19 cm. 
490 0 |a Nous partons pour. 
504 |a Includes bibliographical references (pages 13-17) and indexes. 
651 0 |a Egypt   |x Description and travel. 
901 |a reviewed 
942 |2 lcc  |c BK 
999 |c 41172  |d 41172